Radiología 101: las bases y fundamentos de los estudios de imagen

Zapisane w:
Opis bibliograficzny
Główni autorzy: Erkonen, William E (Autor), Smith, Wilbur L (Autor)
Format: Książka
Język:hiszpański
Wydane: Barcelona Wolters Kluwer Health España 2010
Wydanie:3a. ed
Hasła przedmiotowe:
Etykiety: Dodaj etykietę
Nie ma etykietki, Dołącz pierwszą etykiete!

MARC

LEADER 00000cam a2200000 a 4500
001 UCG5661
003 CL-VaPUC
008 110317e20100000sp |||||||||||||||||spa|d
020 |a 9788486921702 
082 0 4 |a 611.7  |b ERK  |2 21 
100 0 |a Erkonen, William E  |e author  |9 555394 
700 0 |a Smith, Wilbur L  |e author  |9 555395 
245 1 0 |a Radiología 101: las bases y fundamentos de los estudios de imagen 
250 |a 3a. ed 
300 |a 376 p 
942 |c BK 
945 |d 20110317 00:00:00  |a dcastane 
260 |a Barcelona  |b Wolters Kluwer Health España  |c 2010 
650 0 |a Radiología  |9 451892 
650 7 |a DISTROFIA ESQUELETO MUSCULO  |2 CL-VaPUC  |9 555396 
650 0 |a Enfermedades  |9 263059 
650 0 |a Columna vertebral  |9 307410 
999 |c 344064  |d 344062 
583 |k Rodrigo Vera 
952 |0 0  |1 0  |4 0  |6 611_700000000000000_ERK_2010  |7 0  |8 A  |9 441833  |a BIBCUR  |b BIBCUR  |d 2019-11-22  |i 4755715  |o 611.7 ERK 2010  |p 4755715  |r 2025-04-22  |w 2019-11-22  |y BK  |k KIN 
952 |0 0  |1 0  |4 0  |6 611_700000000000000_ERK_2010  |7 0  |8 A  |9 441834  |a BIBCUR  |b BIBCUR  |d 2019-11-22  |i 4755723  |l 1  |o 611.7 ERK 2010  |p 4755723  |r 2025-05-08  |s 2025-05-08  |w 2019-11-22  |y BK  |k KIN 
952 |0 0  |1 0  |4 0  |6 611_700000000000000_ERK_2010  |7 0  |8 A  |9 441835  |a BIBCUR  |b BIBCUR  |d 2019-11-22  |i 4755731  |l 1  |o 611.7 ERK 2010  |p 4755731  |r 2025-04-22  |s 2022-04-12  |w 2019-11-22  |y BK  |k KIN 
952 |0 0  |1 0  |4 0  |6 611_700000000000000_ERK_2010  |7 0  |8 A  |9 441836  |a BIBCUR  |b BIBCUR  |d 2019-11-22  |i 475574K  |l 4  |o 611.7 ERK 2010  |p 475574K  |r 2025-04-22  |s 2025-03-27  |w 2019-11-22  |y BK  |k KIN 
952 |0 0  |1 0  |4 0  |6 611_700000000000000_ERK_2010  |7 0  |8 A  |9 441837  |a BIBCUR  |b BIBCUR  |d 2019-11-22  |i 4755758  |o 611.7 ERK 2010  |p 4755758  |r 2025-04-22  |w 2019-11-22  |y BK  |k KIN 
952 |0 0  |1 0  |4 0  |6 611_700000000000000_ERK_2010  |7 0  |8 A  |9 441838  |a BIBCUR  |b BIBCUR  |d 2019-11-22  |i 4755766  |l 1  |o 611.7 ERK 2010  |p 4755766  |r 2025-04-22  |s 2023-10-18  |w 2019-11-22  |y BK  |k KIN 
952 |0 0  |1 0  |4 0  |6 611_700000000000000_ERK_2010  |7 0  |8 A  |9 441839  |a BIBCUR  |b BIBCUR  |d 2019-11-22  |i 4755774  |l 2  |o 611.7 ERK 2010  |p 4755774  |q 2025-05-12  |r 2025-05-05  |s 2025-05-05  |w 2019-11-22  |y BK  |k KIN 
952 |0 0  |1 0  |3 erb  |4 0  |6 611_700000000000000_ERK_2010  |7 0  |8 A  |9 441840  |a BIBCUR  |b BIBCUR  |d 2019-11-22  |i 5005450  |l 3  |o 611.7 ERK 2010  |p 5005450  |r 2025-04-25  |s 2025-04-25  |w 2019-11-22  |y BK  |z Catalogado en:20130906  |k KIN 
952 |0 0  |1 0  |3 erb  |4 0  |6 611_700000000000000_ERK_2010  |7 0  |8 A  |9 441841  |a BIBCUR  |b BIBCUR  |d 2019-11-22  |i 5005469  |l 1  |o 611.7 ERK 2010  |p 5005469  |r 2025-04-22  |s 2025-03-24  |w 2019-11-22  |y BK  |z Catalogado en:20130906  |k KIN 
952 |0 0  |1 0  |3 erb  |4 0  |6 611_700000000000000_ERK_2010  |7 0  |8 A  |9 441843  |a BIBCUR  |b BIBCUR  |d 2019-11-22  |i 5005485  |l 3  |o 611.7 ERK 2010  |p 5005485  |r 2025-04-22  |s 2022-07-01  |w 2019-11-22  |y BK  |z Catalogado en:20130906  |k KIN 
952 |0 0  |1 0  |3 erb  |4 0  |6 611_700000000000000_ERK_2010  |7 0  |8 A  |9 441844  |a BIBCUR  |b BIBCUR  |d 2019-11-22  |i 5005493  |l 1  |o 611.7 ERK 2010  |p 5005493  |r 2025-04-22  |s 2023-10-18  |w 2019-11-22  |y BK  |z Catalogado en:20130906  |k KIN 
952 |0 0  |1 0  |3 erb  |4 0  |6 611_700000000000000_ERK_2010  |7 0  |8 A  |9 441845  |a BIBCUR  |b BIBCUR  |i 5031796  |l 1  |o 611.7 ERK 2010  |p 5031796  |r 2025-04-22  |s 2025-04-01  |w 2019-11-22  |y BK  |z Catalogado en:20131206  |k KIN 
952 |0 0  |1 0  |3 erb  |4 0  |6 611_700000000000000_ERK_2010  |7 0  |8 A  |9 441846  |a BIBCUR  |b BIBCUR  |i 503180K  |o 611.7 ERK 2010  |p 503180K  |r 2025-04-22  |w 2019-11-22  |y BK  |z Catalogado en:20131206  |k KIN